000 00303 a2200145 4500
001 174488
020 _a
040 _cMagnum
100 _aBoaventura, Maria Jose
240 1 0 _aA menina da tinta
_lpor
245 1 0 _aA menina da tinta
362 0 _a1899
697 _aI/FADAS, FANTASIA
942 _cBK
999 _c174488
_d174488